000 00355pab a2200145 454500
008 180718b1989 xxu||||| |||| 00| 0 eng d
100 _aBalwant Singh
245 _aMoney supply - prices
_bCausality revisited
260 _c1989
300 _a2613-15
362 _a25 Nov.
650 _aMoney
773 _aEconomic and Political Weekly
909 _a14150
999 _c14150
_d14150